| 000 | 00564nam a2200169 i 4500 | ||
|---|---|---|---|
| 001 | 93524 | ||
| 003 | ES-MaACL | ||
| 005 | 20230906181242.0 | ||
| 007 | t| | ||
| 008 | 050412s1957 sp ||||1| spa d | ||
| 100 | 1 |
_aLohmann Villena, Guillermo. _973134 |
|
| 245 | 1 | 3 |
_aEl teatro en sudamérica española hasta 1800 / _cpor Guillermo Lohmann Villena. |
| 260 |
_aBarcelona : _bBarna, _c1957. |
||
| 300 |
_a8 h. ; _c26 cm. |
||
| 500 | _aEs separata de IV v. de la Historia General de las Literaturas Hispánicas 375-389 p. | ||
| 852 |
_aES-MaACL _j2000-F-24 _bR.42224 |
||
| 999 |
_c93524 _d93524 |
||